Geography Quiz

Random Geography or City Quiz

Pictured Airports Quiz Stats

 Plays Quiz not verified by Sporcle

Score 0/16 Timer 04:00
0 Plays Today
% Correct
Gibraltar, Gibraltar
69.9%
Philipsburg, Sint Maarten
62.8%
Pyongyang, North Korea
61%
Los Angeles, California
59.7%
Paris, France
42.4%
Macau, China
40.3%
Washington, DC
38.5%
Beijing, China
36.9%
% Correct
New York, New York
36.6%
Auckland, New Zealand
29.1%
Bishkek, Kyrgyzstan
23.6%
Madrid, Spain
21.7%
London, England
21.2%
St Louis, Missouri
19.9%
Kuala Lumpur, Malaysia
15.2%
Toronto, Ontario
10.5%

You're not logged in!

Compare scores with friends on all Sporcle quizzes.
OR
Log In

You Might Also Like...

Show Comments

Extras

Top Quizzes Today


Score Distribution

Your Account Isn't Verified!

In order to create a playlist on Sporcle, you need to verify the email address you used during registration. Go to your Sporcle Settings to finish the process.

Report this User

Report this user for behavior that violates our Community Guidelines.

Details: